El diablo de los números : (Registro nro. 9156)

Detalles MARC
000 -LIDER
fixed length control field 01562nam a2200421 b 4500
001 - NÚMERO DE CONTROL
Identificador de número de control 001184131
003 - IDENTIFICACDOR DE NÚMERO DE CONTROL
control field DO-SdBPM
005 - DATE AND TIME OF LATEST TRANSACTION
control field 20250702131122.0
007 - CAMPOS FIJOS DE DESCRIPCIÓN FÍSICA
fixed length control field ta
008 - ELEMENTOS DE LONGITUD FIJA
fixed length control field 990416s1998 sp | ||| ||spa
017 ## - NÚMERO DE REGISTRO DE DERECHOS DE AUTOR
Assigning agency
020 ## - ISBN
International Standard Book Number 8478443746
035 ## - NÚMERO LOCAL
System control number
040 ## - FUENTE DE CATALOGACIÓN
Agencia que crea de manera original el registro DO-SdBPM
Idioma de catalogación spa
Agencia que realiza la transcripción BPMSU
Convenciones de la despripción rda
041 1# - CÓDIGOS DE OBRAS TRADUCIDAS O EN VARIOS IDIOMAS
Código del idioma del texto/archivo de sonido o separata spa
Cód. del idioma original y/o traducciones intermedias del texto
080 #0 - NÚMERO DE CLASIFICACIÓN DECIMAL UNIVERSAL
Universal Decimal Classification number
082 #4 - NÚMERO DE CLASIFICACIÓN DECIMAL DE DEWEY
Classification number 833.91
Item number E61d 1998
Edition number 22
100 1# - ASIENTO PRINCIPAL -- NOMBRE PERSONAL
Nombre personal Enzensberger, Hans Magnus
Fechas asociadas con el nombre 1929-2022.
Mención de responsabilidad autor
245 13 - MENCIÓN DE TITULO
Título El diablo de los números :
Subtítulo un libro para todos aquellos que temen a las matemáticas /
Mención de responsabilidad Hans Magnus Enzensberger ; diseñado e ilustrado por Rotraut Susanne Berner ; traducción de Carlos Fortea
Medio (Designación general de material)
250 ## - MENCIÓN DE EDICION
Mención de edición 5ª ed.
264 ## - PRODUCTION, PUBLICATION, DISTRIBUTION, MANUFACTURE, AND COPYRIGHT NOTICE
Place of production, publication, distribution, manufacture Madrid :
Name of producer, publisher, distributor, manufacturer Ediciones Siruela,
Date of production, publication, distribution, manufacture, or copyright notice 1998
300 ## - DESCRIPCIÓN FÍSICA
Extensión 255 páginas . :
Dimensiones 25 cm.
Otros detalles físicos
336 ## - CONTENT TYPE
Content type term texto
Content type code txt
Source rdacontent
337 ## - MEDIA TYPE
Media type term sin mediación
Media type code n
Source rdamedia
338 ## - CARRIER TYPE
Carrier type term volumen
Carrier type code nc
Source rdacarrier
490 0# - MENCIÓN DE SERIES
Mención de serie Las tres edades,
Volume/sequential designation 57
500 ## - NOTA GENERAL
Materiales especificados Incluye datos biográficos del autor en la solapa de la cubierta
534 ## - NOTA SOBRE LA VERSIÓN ORIGINAL
Frase introductoria Título original :
Mención del título original Der zablenteufel. Ein kipfkissenbuch fur alle, die angst vor de mathematik haben.
590 ## - NOTA LOCAL
Texto de la nota local Inventariado, 2025/VM
650 #7 - ENCABEZAMIENTO DE MATERIA--TEMÁTICO
Término temático o nombre geográfico como elemento de entrada Cuentos juveniles alemanes.
Subdivisión de forma
Fuente del encabezamiento o término
650 #7 - ENCABEZAMIENTO DE MATERIA--TEMÁTICO
Término temático o nombre geográfico como elemento de entrada Matemáticas
Subdivisión de forma Cuentos infantiles.
650 #7 - ENCABEZAMIENTO DE MATERIA--TEMÁTICO
Término temático o nombre geográfico como elemento de entrada Números
Subdivisión de forma Cuentos infantiles.
650 #7 - ENCABEZAMIENTO DE MATERIA--TEMÁTICO
Término temático o nombre geográfico como elemento de entrada Juegos matemáticos.
700 1# - ASIENTO SECUNDARIO -- NOMBRE PERSONAL
Nombre personal Berner, RotraSusanne,
Fechas asociadas con el nombre 1948-
Mención de responsabilidad ilustrador
700 1# - ASIENTO SECUNDARIO -- NOMBRE PERSONAL
Nombre personal Fortea, Carlos,
Fechas asociadas con el nombre 1963-
Mención de responsabilidad traductor
910 ## - VALIDACIÓN
Validación VMateo V. Control de calidad. BPMSU
942 ## - ADDED ENTRY ELEMENTS (KOHA)
Source of classification or shelving scheme Dewey Decimal Classification
Koha item type Libros
Existencias
Withdrawn status Lost status Source of classification or shelving scheme Damaged status Not for loan Collection code Home library Current library Date acquired Source of acquisition Total Checkouts Full call number Barcode Date last seen Price effective from Koha item type
    Dewey Decimal Classification     Colección General Biblioteca Pública Metropolitana Salomé Ureña Biblioteca Pública Metropolitana Salomé Ureña 03/09/2016 FUNDI   BPMSU CJG 833.91 E61d 1998 BPMSU16030018 03/09/2016 03/09/2016 Libros